ბათუმის შოთა რუსთაველის სახელმწიფო უნივერსიტეტის ბიბლიოთეკა

Geschichte der Philosophie in Text und Darstellung. Mittelalter : (ბიბ.ჩანაწერი № 57547)

000 -LEADER
fixed length control field 00490nam a22001697a 4500
005 - DATE AND TIME OF LATEST TRANSACTION
control field 20211220122706.0
008 - FIXED-LENGTH DATA ELEMENTS--GENERAL INFORMATION
fixed length control field 200728s2011 dk ||||| |||| 00| 0 dmh d
020 ## - INTERNATIONAL STANDARD BOOK NUMBER
International Standard Book Number 9783150099124
041 ## - LANGUAGE CODE
Language code of text/sound track or separate title dmh
080 ## - UNIVERSAL DECIMAL CLASSIFICATION NUMBER
Universal Decimal Classification number 1(09) F-63
100 ## - MAIN ENTRY--PERSONAL NAME
Personal name Flasch, Kurt
9 (RLIN) 9062
245 ## - TITLE STATEMENT
Title Geschichte der Philosophie in Text und Darstellung. Mittelalter :
Remainder of title Reclam /
Statement of responsibility, etc. Flasch Kurt.
264 ## - PRODUCTION, PUBLICATION, DISTRIBUTION, MANUFACTURE, AND COPYRIGHT NOTICE
Place of production, publication, distribution, manufacture Stuttgart,
Date of production, publication, distribution, manufacture, or copyright notice 2011.
300 ## - PHYSICAL DESCRIPTION
Extent 543 p.
Other physical details 15 cm.
653 ## - INDEX TERM--UNCONTROLLED
keyword ფილოსოფია
942 ## - ADDED ENTRY ELEMENTS (KOHA)
Source of classification or shelving scheme
Koha item type წიგნი
ეგზემპლარები
Withdrawn status Lost status Source of classification or shelving scheme Damaged status Not for loan Permanent Location Current Location Shelving location Date acquired Cost, normal purchase price Full call number Barcode Date last seen Copy number Price effective from Koha item type Public note
          ბათუმის შოთა რუსთაველის სახელმწიფო უნივერსიტეტის მთავარი ბიბლიოთეკა ბათუმის შოთა რუსთაველის სახელმწიფო უნივერსიტეტის მთავარი ბიბლიოთეკა წიგნსაცავი 2020-07-28 48.00 1(09) F-63 60756 2020-07-28 60756 2020-07-28 წიგნი 48 ლ.